Guess 10 random states of USA - Statistics

General Stats
  • This quiz has been taken 287 times
  • The average score is 9 of 10
Answers on the Map
Answers color-coded by a green-red scale on the quiz's map according to % correct below.
 
Answer Stats
State % Correct
Texas
98%
Washington
95%
Georgia
89%
Tennessee
89%
Colorado
88%
Florida
87%
Nebraska
85%
Maryland
84%
Alaska
80%
Hawaii
80%
No matching quizzes found
Score Distribution
Percent of People with Each Score
Percentile by Number Answered
Your Score History
You have not taken this quiz